Most expensive football transfers - 2020-2021 Season - Statistics

General Stats
  • This quiz has been taken 25 times
  • The average score is 9 of 10
Answer Stats
Fee (M €) Nationality Left Joined Player % Correct
80,00 Germany Bayer Leverkusen Chelsea Kai Havertz
100%
49,00 Germany Manchester City Bayern Munich Leroy Sané
92%
50,00 Ghana Atlètico Madrid Arsenal Thomas Partey
92%
53,00 Germany RB Leipzig Chelsea Timo Werner
92%
75,00 Nigeria LOSC LIlle SSC Napoli Victor Osimhen
92%
50,20 England Liecester City Chelsea Ben Chilwell
84%
71,60 Portugal Benfica Manchester City Rúben Dias
80%
80,60 Brazil Barcelona Juventus Arthur Melo
76%
60,00 Bosnia and Herzegovina Juventus Barcelona Miralem Pjanic
76%
50,00 Argentina Inter Paris SG Mauro Icardi
72%
No matching quizzes found
Score Distribution
Percent of People with Each Score
Percentile by Number Answered
Your Score History
You have not taken this quiz